Statistics for Are you a true cuber?

Click here to take the quiz!

General Stats

  • This quiz has been taken 11 times
  • The average score is 4 of 10

Answer Stats

Answer% Correct
Child Mother 4x4
100%
Master Pyraminx
100%
Polaris Cube
100%
UT Cube
67%
8-Corner Hexagonal Dipyramid
50%
Ex-Mars
50%
Fabio Touch 4x4
50%
Mastermorphix
50%
O2 Cube
50%
Puppet Cube
50%
Boomerang Pyraminx
33%
Dino Cube
0%
Kilominx
0%
Pyramorphix
0%
Round 3x3
0%
Shield Cube
0%
Siamese Cube
0%
Skewb Ultimate
0%
Square-0
0%
Yeet Ball
0%
Yummy Cheeseburger Cube
0%

Score Distribution

Percentile by Number Answered

Percent of People with Each Score

Your Score History

You have not taken this quiz